|
|
|
|
| LEADER |
00857nab#a2200301#ar4500 |
| 001 |
000097921 |
| 003 |
SVKKK |
| 005 |
20091020112554.0 |
| 008 |
050524c2008 xr e cze |
| FMT |
|
|
|
| 038 |
|
|
|a SVKKK
|
| 040 |
|
|
|a SVKKK
|b slo
|e AACR2
|
| 041 |
0 |
|
|a cze
|b ger
|
| 044 |
|
|
|a xr
|c CZ
|
| 080 |
|
|
|a 929 Šandor, Anton
|2 1997
|
| 100 |
1 |
|
|a Kramářová, Jana
|4 aut
|
| 245 |
1 |
0 |
|a Já som k temu padol jak slepý po lopate-
|b rozhovor s pamětníkem Antonem Šandorem
|c Jana Kramářová ; Eva Zdařilová
|
| 546 |
|
|
|a Res. nem.
|
| 600 |
1 |
4 |
|a Šandor, Anton
|d n.1925
|x hudobník
|z Smolenice-Neštich (Slovensko)
|x rodák
|
| 655 |
|
4 |
|a romiká
|
| 700 |
1 |
|
|a Zdařilová, Eva
|4 trl
|
| 773 |
0 |
|
|t Romano džaniben
|x 1210-8545
|g Jevend (2008), s. 119-133
|
| 958 |
|
|
|a RQ
|
| 974 |
|
|
|a Fav
|
| 992 |
|
|
|a RBX
|
| BAS |
|
|
|
| 852 |
|
|
|a SVKKK
|b BIB
|
| 998 |
|
|
|a ROM
|